Twilight : Personnages - Statistiques

Statistiques générales
  • Ce quiz a été pris 6 693 fois
  • Le résultat moyen est 29 sur 80
Statistiques - réponses
Hint Réponse % Correct
1 Isabella Swan
99%
2 Edward Cullen
97%
30 Jacob Black
94%
5 Alice Cullen
92%
8 Jasper Hale
86%
7 Rosalie Hale
86%
10 Charlie Swan
81%
4 Esmée Cullen
79%
6 Emmet Cullen
78%
9 Renesmée Cullen
76%
3 Carlisle Cullen
73%
14 Renée Dwyer
73%
12 Victoria
67%
22 Aro
62%
11 James
61%
18 Jessica Stanley
60%
13 Laurent
58%
32 Sam Uley
58%
25 Jane
56%
39 Leah Clearwater
53%
41 Seth Clearwater
52%
17 Mike Newton
50%
33 Billy Black
47%
16 Angela Weber
43%
23 Caius
43%
20 Eric Yorkie
43%
26 Alec
42%
48 Irina Denali
42%
24 Marcus
42%
35 Paul Lahote
41%
38 Emily Young
37%
31 Quil Ateara
37%
15 Phil Dwyer
36%
49 Kate Denali
34%
51 Benjamin
33%
34 Embry Call
32%
37 Harry Clearwater
32%
40 Sue Clearwater
31%
46 Tanya Denali
31%
19 Tyler Crowley
31%
27 Felix
29%
55 Zafrina
29%
28 Demetri
27%
36 Jared Cameron
27%
43 Riley Biers
26%
50 Carmen Denali
25%
47 Eleazar
24%
45 Garrett
24%
61 Vladimir
24%
52 Amun
22%
44 Bree Tanner
22%
67 Peter
22%
68 Charlotte
19%
56 Senna
19%
59 Alistair
18%
65 Mary
18%
29 Heidi
17%
70 Maria
17%
60 Stefan
17%
54 Tia
17%
63 Maggie
16%
42 Rachel Black
15%
53 Kebi
14%
64 Liam
14%
76 Cora
13%
57 Nahuel
13%
62 Siobhan
13%
72 Lucy
12%
58 Huilen
11%
21 M Molina
11%
66 Randall
11%
77 Waylon Forge
11%
71 Nettie
9%
73 Royce King
9%
74 Gianna
8%
78 J Jenks
8%
79 Kaure
8%
69 Toshiro
6%
75 Mme Cope
5%
80 Guastavo
3%
Aucun quiz correspondant
Distribution des résultats
% des personnes avec chaque résultat
Percentile par nombre de réponses
Votre historique - résultats
Vous n’avez pas pris ce quiz